Algèbre géométrique

Spremljeno u:
Bibliografski detalji
Glavni autor: Artin, Emil (Autor)
Format: Knjiga
Jezik:francuski
Izdano: París Gauthier-Villars 1972
Serija:Cahiers Scientifiques, 27
Teme:
Oznake: Dodaj oznaku
Bez oznaka, Budi prvi tko označuje ovaj zapis!

MARC

LEADER 00000nam a2200000 a 4500
001 UCY4115
003 CL-VaPUC
008 950228e19720000FR |||||||||||||||||fre|d
082 0 4 |a 516.35  |b ART  |2 21 
100 0 |a Artin, Emil  |e author  |9 332546 
245 1 0 |a Algèbre géométrique 
300 |a 209 p 
942 |c BK 
945 |d 19950228 00:00:00  |a mfernand 
260 |a París  |b Gauthier-Villars  |c 1972 
650 0 |a Geometría algebraica  |9 270327 
583 |a last modification  |c 19950228 00:00:00  |k Rodrigo Vera 
490 0 |a Cahiers Scientifiques, 27 
999 |c 232079  |d 232077 
952 |0 0  |1 0  |4 0  |6 516_350000000000000_ART_1972  |7 0  |8 A  |9 236097  |a BIBMAT  |b BIBMAT  |d 2019-11-15  |i 1303406  |o 516.35 ART 1972  |p 1303406  |r 2025-01-07  |w 2019-11-15  |y BK  |k MAT